Основы светотехники: электронный курс

Bibliografiset tiedot
Päätekijä: Вильчинская С. С. Светлана Сергеевна
Yhteisötekijä: Национальный исследовательский Томский политехнический университет (ТПУ) Институт физики высоких технологий (ИФВТ) Кафедра лазерной и световой техники (ЛиСТ)
Yhteenveto:Заглавие с экрана
Целью курса является формирование у студента современных представлений о корпускулярных и волновых свойствах света, световых явлениях, характере распространения света в оптических системах, энергетических величинах и единицах оптического излучения, системе эффективных и световых величин и единиц, тепловом излучении, люминесценции, приемниках и источниках света.
Доступ по логину и паролю
Kieli:venäjä
Julkaistu: Томск, TPU Moodle, 2017
Aiheet:
Linkit:https://design.lms.tpu.ru/course/view.php?id=1828
Aineistotyyppi: MixedMaterials Elektroninen Kirja
KOHA link:https://koha.lib.tpu.ru/cgi-bin/koha/opac-detail.pl?biblionumber=667099

MARC

LEADER 00000nlm0a2200000 4500
001 667099
005 20231228162550.0
035 |a (RuTPU)RU\TPU\network\38303 
035 |a RU\TPU\network\38035 
090 |a 667099 
100 |a 20220221d2017 m y0rusy50 ca 
101 0 |a rus 
102 |a RU 
105 |a a j 000zy 
135 |a jrcn ---uucaa 
181 0 |a i  
182 0 |a b 
200 1 |a Основы светотехники  |e электронный курс  |f С. С. Вильчинская  |g Национальный исследовательский Томский политехнический университет (ТПУ), Институт физики высоких технологий (ИФВТ), Кафедра лазерной и световой техники (ЛиСТ) 
203 |a Текст  |c электронный 
210 |a Томск  |c TPU Moodle  |d 2017 
300 |a Заглавие с экрана 
330 |a Целью курса является формирование у студента современных представлений о корпускулярных и волновых свойствах света, световых явлениях, характере распространения света в оптических системах, энергетических величинах и единицах оптического излучения, системе эффективных и световых величин и единиц, тепловом излучении, люминесценции, приемниках и источниках света. 
333 |a Доступ по логину и паролю 
606 1 |a Светотехника  |2 stltpush  |3 (RuTPU)RU\TPU\subj\54172  |9 72331 
610 1 |a электронный ресурс 
610 1 |a труды учёных ТПУ 
610 1 |a электронное обучение 
610 1 |a электронные курсы ТПУ 
610 1 |a электронные учебные пособия 
610 1 |a световые потоки 
610 1 |a освещенность 
610 1 |a светодиоды 
610 1 |a источники света 
675 |a 628.9(075.8)  |v 3 
700 1 |a Вильчинская  |b С. С.  |c специалист в области светотехники  |c доцент Томского политехнического университета, кандидат физико-математических наук  |f 1976-  |g Светлана Сергеевна  |3 (RuTPU)RU\TPU\pers\26560  |9 12249 
712 0 2 |a Национальный исследовательский Томский политехнический университет (ТПУ)  |b Институт физики высоких технологий (ИФВТ)  |b Кафедра лазерной и световой техники (ЛиСТ)  |3 (RuTPU)RU\TPU\col\18690 
801 2 |a RU  |b 63413507  |c 20220727  |g RCR 
856 4 |u https://design.lms.tpu.ru/course/view.php?id=1828 
942 |c CF